[Event "Landsturneringen - Elite"]
[Site "Oslo"]
[Date "2011.07.09"]
[Round "8"]
[White "Elsness, Frode"]
[Black "Johannessen, Leif Erlend"]
[Result "1-0"]
[WhiteElo "2485"]
[BlackElo "2496"]
[PlyCount "79"]
[EventDate "2011.??.??"]
[EventType "swiss"]
[EventRounds "9"]

1. d4 Nf6 2. c4 e6 3. g3 d5 4. Nf3 Bb4+ 5. Bd2 Be7 6. Bg2 O-O 7. O-O c6 8. Qc2
b6 9. Rd1 Nbd7 10. Bf4 Bb7 11. Nc3 dxc4 12. Nd2 Nd5 13. Nxc4 Nxf4 14. gxf4 Rc8
15. e3 Nf6 16. Rac1 Nd5 17. Ne5 f6 18. Nd3 Bd6 19. Kh1 Qe7 20. Ne4 Bb8 21. Qe2
f5 22. Ng5 Ba6 23. Qe1 Bxd3 24. Rxd3 Nxf4 25. exf4 Bxf4 26. Nf3 Bxc1 27. Qxc1
c5 28. d5 exd5 29. Rxd5 Rcd8 30. Ne5 Qh4 31. Qd1 g6 32. Nd7 Rfe8 33. Kg1 Kg7
34. a3 Qe7 35. Kf1 Qe6 36. Nxc5 Qxd5 37. Bxd5 Re5 38. Qb3 bxc5 39. Qc3 Rdxd5
40. f4 1-0

[Event "Landsturneringen - Elite"]
[Site "Oslo"]
[Date "2011.07.10"]
[Round "9"]
[White "David, Edwin"]
[Black "Getz, Nicolai"]
[Result "0-1"]
[WhiteElo "2277"]
[BlackElo "2385"]
[PlyCount "80"]
[EventDate "2011.??.??"]
[EventType "swiss"]
[EventRounds "9"]

1. d4 Nf6 2. Nc3 e6 3. e4 d5 4. Bg5 dxe4 5. Nxe4 Be7 6. Bxf6 gxf6 7. g3 Bd7 8.
d5 f5 9. Nc3 Bf6 10. Bg2 c6 11. dxe6 fxe6 12. Qh5+ Ke7 13. g4 Qg8 14. Bf3 Qg5
15. Qh3 Na6 16. gxf5 Bxc3+ 17. bxc3 Qxf5 18. Qh4+ Qf6 19. Qd4 Qxd4 20. cxd4 e5
21. dxe5 Bf5 22. Ne2 Bxc2 23. Nd4 Bg6 24. O-O Rhg8 25. Kh1 Raf8 26. Bg2 Bd3 27.
Rfd1 Nc5 28. f3 Bg6 29. Bf1 Ne4 30. Re1 c5 31. Bc4 cxd4 32. fxe4 Rg7 33. Rac1
Bh5 34. Be2 Bxe2 35. Rxe2 Ke6 36. Rg2 Rxg2 37. Kxg2 d3 38. Rd1 Rd8 39. Kf3 Kxe5
40. Rd2 Kd4 0-1

[Event "Landsturneringen - Elite"]
[Site "Oslo"]
[Date "2011.07.10"]
[Round "9"]
[White "Moen, Andreas"]
[Black "Kovachev, Daniel J"]
[Result "1-0"]
[WhiteElo "2333"]
[BlackElo "2315"]
[PlyCount "99"]
[EventDate "2011.??.??"]
[EventType "swiss"]
[EventRounds "9"]

1. e4 e5 2. Nf3 Nc6 3. Nc3 Nf6 4. d4 exd4 5. Nxd4 Bb4 6. Nxc6 bxc6 7. Bd3 d6 8.
O-O h6 9. Bd2 O-O 10. a3 Ba5 11. b4 Bb6 12. Na4 Re8 13. Nxb6 axb6 14. Re1 Ba6
15. Bc3 Nd7 16. Bxa6 Rxa6 17. Qd4 Ne5 18. f4 c5 19. Qf2 Nd7 20. Qg3 f6 21. Bb2
cxb4 22. axb4 Rxa1 23. Bxa1 Re7 24. Qb3+ Kh8 25. Qd5 Qe8 26. Kf2 Nf8 27. Bc3
Qa4 28. Re2 Qd7 29. Kf3 Ne6 30. g4 c6 31. Qf5 Kg8 32. Rd2 Qc7 33. Bb2 b5 34. h4
Nd8 35. g5 fxg5 36. hxg5 Rf7 37. Qg6 hxg5 38. f5 d5 39. e5 Qd7 40. Kg4 Qe7 41.
Bc3 Rf6 42. exf6 Qe4+ 43. Kg3 Qe3+ 44. Kh2 Qf4+ 45. Kg1 Qg3+ 46. Rg2 Qe3+ 47.
Rf2 Qg3+ 48. Kf1 Qh3+ 49. Ke2 Qg4+ 50. Kd2 1-0

[Event "Landsturneringen - Elite"]
[Site "Oslo"]
[Date "2011.07.10"]
[Round "9"]
[White "Gabrielsen, Trond"]
[Black "Tjølsen, Katrine"]
[Result "1/2-1/2"]
[WhiteElo "2290"]
[BlackElo "2225"]
[PlyCount "29"]
[EventDate "2011.??.??"]
[EventType "swiss"]
[EventRounds "9"]

1. e4 c5 2. c3 g6 3. d4 cxd4 4. cxd4 d5 5. exd5 Nf6 6. Nc3 Nxd5 7. Nf3 Bg7 8.
Qb3 Nb6 9. Bb5+ Bd7 10. Ne5 O-O 11. Nxd7 N8xd7 12. O-O Nf6 13. Rd1 Rc8 14. d5
Ne8 15. Bxe8 1/2-1/2

[Event "Landsturneringen - Elite"]
[Site "Oslo"]
[Date "2011.07.10"]
[Round "9"]
[White "Johannessen, Leif Erlend"]
[Black "Djurhuus, Rune"]
[Result "1-0"]
[WhiteElo "2496"]
[BlackElo "2459"]
[PlyCount "203"]
[EventDate "2011.??.??"]
[EventType "swiss"]
[EventRounds "9"]

1. d4 g6 2. e4 Bg7 3. Nf3 d6 4. Bc4 a6 5. O-O b5 6. Bb3 Bb7 7. Qe2 e6 8. a4
bxa4 9. Bxa4+ Nd7 10. Nbd2 Ne7 11. Nb3 O-O 12. Na5 Bc8 13. c3 h6 14. Rd1 Nb6
15. Bc2 Nd7 16. e5 Nb6 17. h4 f5 18. exf6 Rxf6 19. Ne5 Qf8 20. Ng4 Rf7 21. Ne3
Nbd5 22. g3 Kh8 23. Ng2 Nf5 24. h5 gxh5 25. Qxh5 Bd7 26. Nf4 Nxf4 27. Bxf4 Rb8
28. b4 Bb5 29. Re1 Re8 30. Bb3 Nxd4 31. cxd4 Rxf4 32. gxf4 Qxf4 33. Rxe6 Rf8
34. Ra2 Rf5 35. Re8+ Bxe8 36. Qxe8+ Rf8 37. Qe3 Qg4+ 38. Qg3 Qxd4 39. Re2 Qxb4
40. Nc6 Qf4 41. Qxf4 Rxf4 42. Re7 Bf6 43. Re8+ Kg7 44. Kg2 Rf5 45. Rg8+ Kh7 46.
Rc8 Rc5 47. Rxc7+ Kg6 48. Ne7+ Kg5 49. Rb7 Rb5 50. Rxb5+ axb5 51. Nd5 Be5 52.
Kf3 h5 53. Ke4 Bb2 54. f4+ Kg6 55. Ne7+ Kf6 56. Nf5 Ba3 57. Nd4 h4 58. Nxb5 h3
59. Bd1 d5+ 60. Kxd5 Kf5 61. Nxa3 Kxf4 62. Bc2 h2 63. Be4 Kg3 64. Nc2 Kf2 65.
Nd4 Kg1 66. Ne2+ Kf2 67. Nf4 Kg3 68. Nd3 Kg4 69. Kd4 Kg5 70. Ke3 Kf6 71. Kf2
Kg5 72. Kg2 h1=Q+ 73. Kxh1 Kh4 74. Kg2 Kg4 75. Kf2 Kh4 76. Ke3 Kg5 77. Ne5 Kf6
78. Kf4 Ke6 79. Nc4 Kf6 80. Bf5 Kg7 81. Ke5 Kf7 82. Nd6+ Kg7 83. Ke6 Kh8 84.
Kf6 Kg8 85. Nf7 Kf8 86. Bh7 Ke8 87. Ne5 Kd8 88. Ke6 Kc7 89. Nd7 Kc6 90. Bd3 Kc7
91. Be4 Kc8 92. Kd6 Kd8 93. Bg6 Kc8 94. Nc5 Kb8 95. Kc6 Kc8 96. Nb7 Kb8 97. Kb6
Kc8 98. Bf5+ Kb8 99. Nc5 Ka8 100. Bh3 Kb8 101. Na6+ Ka8 102. Bg2# 1-0

[Event "Landsturneringen - Elite"]
[Site "Oslo"]
[Date "2011.07.10"]
[Round "9"]
[White "Sahl, Bjarke"]
[Black "Forså, Espen"]
[Result "0-1"]
[WhiteElo "2363"]
[BlackElo "2321"]
[PlyCount "66"]
[EventDate "2011.??.??"]
[EventType "swiss"]
[EventRounds "9"]

1. e4 c5 2. Nf3 d6 3. d4 cxd4 4. Nxd4 Nf6 5. Nc3 a6 6. Bd3 e6 7. O-O Nbd7 8. a4
b6 9. f4 Bb7 10. Qe2 Qc7 11. Kh1 Be7 12. Bd2 Nc5 13. Rae1 O-O 14. Rf3 Rfe8 15.
Rh3 g6 16. Nf3 d5 17. e5 Nfe4 18. Nd4 Qd7 19. Bxe4 Nxe4 20. Nxe4 dxe4 21. Be3
Qxa4 22. c3 Bd5 23. g4 f6 24. f5 fxe5 25. fxg6 hxg6 26. g5 exd4 27. Rh6 Bf8 28.
Rxg6+ Bg7 29. Qh5 Ra7 30. Bxd4 e3+ 31. Kg1 e5 32. c4 exd4 33. cxd5 Rf8 0-1

[Event "Landsturneringen - Elite"]
[Site "Oslo"]
[Date "2011.07.10"]
[Round "9"]
[White "Elsness, Frode"]
[Black "Smith, Axel"]
[Result "1-0"]
[WhiteElo "2485"]
[BlackElo "2450"]
[PlyCount "107"]
[EventDate "2011.??.??"]
[EventType "swiss"]
[EventRounds "9"]

1. d4 d5 2. c4 c6 3. Nf3 Nf6 4. Nc3 e6 5. Bg5 dxc4 6. e4 b5 7. e5 h6 8. Bh4 g5
9. Nxg5 hxg5 10. Bxg5 Nbd7 11. g3 Qa5 12. exf6 Ba6 13. a3 O-O-O 14. Bg2 Nc5 15.
O-O Nb3 16. Rb1 Nxd4 17. Qg4 Bb7 18. Rfd1 Qb6 19. Be3 c5 20. Ne4 Rd7 21. h4 e5
22. Bh3 Ne6 23. Ng5 Qc6 24. f3 Bh6 25. Qh5 Rxd1+ 26. Rxd1 Bxg5 27. Bxe6+ Kc7
28. Qxg5 Qxe6 29. Bxc5 Bxf3 30. Rf1 Bb7 31. Re1 Re8 32. Be7 Qc6 33. Qxe5+ Kc8
34. Qf5+ Kb8 35. Bd6+ Ka8 36. Rxe8+ Qxe8 37. Qe5 Qc6 38. Kf2 a5 39. Bc5 Qg2+
40. Ke1 Qh1+ 41. Kd2 Qc6 42. Be3 Bc8 43. Qd4 Qc7 44. h5 b4 45. axb4 axb4 46. h6
c3+ 47. bxc3 bxc3+ 48. Qxc3 Qd8+ 49. Ke1 Be6 50. Qc6+ Kb8 51. Qb5+ Kc8 52. Qa6+
Kb8 53. Bf4+ Qd6 54. Bxd6# 1-0

[Event "Landsturneringen - Mester"]
[Site "Oslo"]
[Date "2011.07.02"]
[Round "1"]
[White "Kvisvik, Brede A"]
[Black "Hanssen, Gunnar B"]
[Result "1-0"]
[WhiteElo "2175"]
[BlackElo "2233"]
[PlyCount "119"]
[EventDate "2011.??.??"]
[EventType "swiss"]
[EventRounds "9"]

1. d4 Nf6 2. c4 e6 3. g3 d5 4. Nf3 Bb4+ 5. Bd2 Be7 6. Bg2 O-O 7. O-O c6 8. Qc2
Nbd7 9. Rd1 Ne4 10. Nc3 f5 11. Rab1 a5 12. a3 Nd6 13. c5 Nf7 14. b4 axb4 15.
axb4 e5 16. dxe5 Ndxe5 17. Nxe5 Nxe5 18. Bf4 Bf6 19. Nxd5 Be6 20. Nxf6+ Qxf6
21. Qb2 Ng4 22. Qxf6 Nxf6 23. b5 Nd5 24. bxc6 bxc6 25. Be5 Ra2 26. Rb7 Rf7 27.
Rb8+ Rf8 28. Rb7 Rf7 29. Rxf7 Kxf7 30. e3 Rc2 31. Bd4 g5 32. Rb1 Kg6 33. h3 Nc3
34. Bxc3 Rxc3 35. Rb6 Rc1+ 36. Kh2 Rxc5 37. Rxc6 Rxc6 38. Bxc6 Kf6 39. Kg2 h6
40. Kf3 Ke5 41. Bb7 Bd7 42. h4 gxh4 43. gxh4 Ba4 44. Kg3 Bc2 45. Bf3 Bd3 46.
Bd1 Bb1 47. Be2 Bc2 48. f4+ Ke4 49. Kf2 Ba4 50. Bf3+ Kd3 51. Bd5 Bd1 52. Be6
Bg4 53. Ba2 Ke4 54. Bb1+ Kd5 55. Bd3 h5 56. Bf1 Ke6 57. Bg2 Kf6 58. Kg3 Ke6 59.
Bf3 Kf6 60. e4 1-0

[Event "Landsturneringen - Mester"]
[Site "Oslo"]
[Date "2011.07.03"]
[Round "2"]
[White "Sørgjerd, Jan"]
[Black "Pedersen, Lars Erik"]
[Result "1/2-1/2"]
[WhiteElo "2127"]
[BlackElo "2070"]
[PlyCount "35"]
[EventDate "2011.??.??"]
[EventType "swiss"]
[EventRounds "9"]

1. d4 d6 2. Nf3 g6 3. g3 Bg7 4. Bg2 f5 5. c4 Nf6 6. Nc3 O-O 7. O-O Qe8 8. d5 a5
9. Nd4 Na6 10. e3 Nc5 11. b3 e5 12. dxe6 c6 13. Bb2 Bxe6 14. Qc2 Bf7 15. Rad1
Rd8 16. Rfe1 Nfe4 17. f3 Nf6 18. e4 1/2-1/2

[Event "Landsturneringen - Mester"]
[Site "Oslo"]
[Date "2011.07.05"]
[Round "4"]
[White "Kvisvik, Brede A"]
[Black "Thanke, Bror"]
[Result "1/2-1/2"]
[WhiteElo "2175"]
[BlackElo "2152"]
[PlyCount "59"]
[EventDate "2011.??.??"]
[EventType "swiss"]
[EventRounds "9"]

1. e4 e5 2. Nf3 Nc6 3. Bc4 Nf6 4. Ng5 d5 5. exd5 Na5 6. Bb5+ c6 7. dxc6 bxc6 8.
Bd3 Bc5 9. O-O O-O 10. Nc3 h6 11. Nge4 Bb6 12. Nxf6+ Qxf6 13. b4 Nb7 14. Be4
Bd7 15. Qf3 Qd6 16. b5 Rac8 17. Na4 Nc5 18. Nxb6 axb6 19. Bxc6 Bxc6 20. bxc6
Rxc6 21. Bb2 Rfc8 22. Rfe1 f6 23. Rad1 Ne6 24. c3 Ng5 25. Qe2 Qd5 26. a3 Ne6
27. d3 Rd6 28. d4 exd4 29. cxd4 Rcd8 30. Qe4 1/2-1/2

[Event "Landsturneringen - Mester"]
[Site "Oslo"]
[Date "2011.07.06"]
[Round "5"]
[White "Danielsen, Arne"]
[Black "Kvisvik, Brede A"]
[Result "0-1"]
[WhiteElo "2135"]
[BlackElo "2175"]
[PlyCount "70"]
[EventDate "2011.??.??"]
[EventType "swiss"]
[EventRounds "9"]

1. d4 Nf6 2. c4 g6 3. Nc3 Bg7 4. Nf3 d6 5. e3 O-O 6. Be2 b6 7. O-O c5 8. a3
cxd4 9. exd4 Nbd7 10. b4 Bb7 11. Bb2 Rc8 12. Qb3 a6 13. Rac1 e6 14. Rfd1 Rc7
15. a4 Qa8 16. Ba3 Rfc8 17. a5 Bf8 18. Na4 Qa7 19. axb6 Nxb6 20. Nxb6 Qxb6 21.
Qa2 Nh5 22. c5 dxc5 23. dxc5 Qc6 24. Ne1 Nf4 25. Bf3 Qa4 26. Bxb7 Rxb7 27. Rc2
Ne2+ 28. Rxe2 Qxd1 29. Kf1 a5 30. bxa5 Bxc5 31. Bxc5 Rxc5 32. a6 Ra7 33. Rxe6
fxe6 34. Qxe6+ Kg7 35. Qb6 Rcc7 0-1

[Event "Landsturneringen - Mester"]
[Site "Oslo"]
[Date "2011.07.07"]
[Round "6"]
[White "Kvisvik, Brede A"]
[Black "Pedersen, Lars Erik"]
[Result "1-0"]
[WhiteElo "2175"]
[BlackElo "2070"]
[PlyCount "81"]
[EventDate "2011.??.??"]
[EventType "swiss"]
[EventRounds "9"]

1. e4 e5 2. Nf3 Nc6 3. Bc4 Bc5 4. c3 Nf6 5. d3 d6 6. Bb3 a6 7. h3 Ba7 8. O-O h6
9. Nbd2 O-O 10. Re1 Be6 11. Bc2 Re8 12. Nf1 d5 13. Qe2 dxe4 14. dxe4 Qd6 15.
Ng3 Rad8 16. Be3 Bxe3 17. Qxe3 Nd7 18. Nh4 Qc5 19. Qf3 Qf8 20. Ngf5 g6 21. Ne3
Qe7 22. Nhf5 Qf8 23. Ng3 Nb6 24. Ng4 Bxg4 25. Qxg4 Qg7 26. Rad1 Ne7 27. Bb3 Kh7
28. Nf1 Qf6 29. Ne3 Qf4 30. g3 Qf6 31. Qe2 h5 32. a4 a5 33. Qb5 Qf3 34. Rxd8
Rxd8 35. Qxe5 Rd2 36. Rf1 Nc6 37. Qxc7 Rxb2 38. Qxb6 Ne5 39. Qd4 Nc6 40. Qd1
Qf6 41. Nc4 1-0

[Event "Landsturneringen - Mester"]
[Site "Oslo"]
[Date "2011.07.08"]
[Round "7"]
[White "Mihajlov, Svetoslav"]
[Black "Kvisvik, Brede A"]
[Result "1/2-1/2"]
[WhiteElo "2084"]
[BlackElo "2175"]
[PlyCount "54"]
[EventDate "2011.??.??"]
[EventType "swiss"]
[EventRounds "9"]

1. d4 Nf6 2. c4 g6 3. Nc3 Bg7 4. e4 d6 5. f3 O-O 6. Bg5 a6 7. Qd2 Nbd7 8. Nh3
c5 9. d5 b5 10. cxb5 Qa5 11. Nf2 Nb6 12. Be2 axb5 13. Nxb5 Bd7 14. Qxa5 Rxa5
15. Nc3 Rb8 16. Bd2 Raa8 17. O-O e6 18. dxe6 Bxe6 19. Bf4 Nc4 20. Bxc4 Bxc4 21.
Bxd6 Rxb2 22. Rfc1 Nd7 23. Ncd1 Re2 24. Nc3 Bxc3 25. Rxc3 Raxa2 26. Rcc1 Rad2
27. Bf4 Ra2 1/2-1/2

[Event "Landsturneringen - Mester"]
[Site "Oslo"]
[Date "2011.07.09"]
[Round "8"]
[White "Eikeland, Erik"]
[Black "Thanke, Bror"]
[Result "1-0"]
[WhiteElo "2182"]
[BlackElo "2152"]
[PlyCount "73"]
[EventDate "2011.??.??"]
[EventType "swiss"]
[EventRounds "9"]

1. d4 Nf6 2. c4 e6 3. g3 Bb4+ 4. Bd2 a5 5. Bg2 O-O 6. e4 d6 7. Ne2 e5 8. O-O
Bg4 9. f3 Be6 10. b3 exd4 11. Nxd4 Bc5 12. Be3 Nc6 13. Nc3 Nd7 14. Ncb5 Nxd4
15. Nxd4 Ne5 16. Kh1 Bd7 17. f4 Nc6 18. Nc2 Nb4 19. Bxc5 dxc5 20. Ne3 Nc6 21.
Qh5 b6 22. e5 Rb8 23. Be4 g6 24. Qh6 Ne7 25. f5 gxf5 26. Bxf5 Bxf5 27. Nxf5
Nxf5 28. Rxf5 f6 29. exf6 Rf7 30. Rg5+ Kh8 31. Rg7 Qd3 32. Rxf7 Qe4+ 33. Kg1
Qd4+ 34. Kg2 Qe4+ 35. Kf2 Qd4+ 36. Kf3 Qc3+ 37. Kg4 1-0

[Event "Landsturneringen - Mester"]
[Site "Oslo"]
[Date "2011.07.10"]
[Round "9"]
[White "Kvisvik, Brede A"]
[Black "Eikeland, Erik"]
[Result "1/2-1/2"]
[WhiteElo "2175"]
[BlackElo "2182"]
[PlyCount "21"]
[EventDate "2011.??.??"]
[EventType "swiss"]
[EventRounds "9"]

1. e4 c6 2. d4 d5 3. Nc3 dxe4 4. Nxe4 Bf5 5. Ng3 Bg6 6. Nf3 Nf6 7. Ne5 Nbd7 8.
Nxg6 hxg6 9. Bd3 e6 10. Qe2 Bd6 11. Bd2 1/2-1/2

[Event "Landsturneringen - Senior A"]
[Site "Oslo"]
[Date "2011.07.02"]
[Round "1"]
[White "Farstad, Gudmund"]
[Black "Kjølberg, Lars"]
[Result "0-1"]
[WhiteElo "1710"]
[BlackElo "2145"]
[PlyCount "110"]
[EventDate "2011.??.??"]
[EventType "swiss"]
[EventRounds "9"]

1. Nf3 Nf6 2. c4 g6 3. Nc3 Bg7 4. e4 d6 5. d4 O-O 6. h3 e5 7. Be3 Nc6 8. d5 Ne7
9. Qd2 Nh5 10. g4 Nf4 11. Bxf4 exf4 12. Qxf4 f5 13. Qe3 fxe4 14. Nd4 c5 15.
dxc6 Nxc6 16. Nxc6 bxc6 17. Be2 d5 18. cxd5 cxd5 19. Qc5 Be6 20. Rc1 Rc8 21.
Qe3 d4 22. Qxe4 Bf7 23. Rd1 Qa5 24. Rxd4 Rfe8 25. Qd3 Bxd4 26. Qxd4 Rcd8 27.
Qf4 Qb6 28. O-O Qxb2 29. Bc4 Rf8 30. Qc7 Qb6 31. Bxf7+ Rxf7 32. Qc4 Qd4 33. Qb3
Kg7 34. Kg2 Qf4 35. Nd1 h6 36. Ne3 Re8 37. Qc3+ Kh7 38. Qb3 Ref8 39. Qc2 Qf3+
40. Kh2 Re8 41. Nd1 Re2 42. Qc4 Qf4+ 43. Qxf4 Rxf4 44. Kg2 Ra4 45. Kf3 Re7 46.
Ne3 Rxa2 47. h4 Rf7+ 48. Kg3 h5 49. g5 Ra3 50. Kg2 Rxe3 51. fxe3 Rxf1 52. Kxf1
Kg7 53. Ke2 Kf7 54. Kd3 Ke6 55. Kd4 Kd6 0-1

[Event "Landsturneringen - Senior A"]
[Site "Oslo"]
[Date "2011.07.03"]
[Round "2"]
[White "Henrichsen, Erland"]
[Black "Wicklund-Hansen, Richard"]
[Result "0-1"]
[WhiteElo "1979"]
[BlackElo "1853"]
[PlyCount "117"]
[EventDate "2011.??.??"]
[EventType "swiss"]
[EventRounds "9"]

1. d4 Nf6 2. Nf3 e6 3. e3 c5 4. Bd3 d5 5. b3 Nc6 6. Nbd2 cxd4 7. exd4 a6 8. O-O
Bd6 9. Bb2 O-O 10. Ne5 Qc7 11. Nxc6 bxc6 12. Nf3 a5 13. Qe2 Bb7 14. Ne5 Qb6 15.
Rab1 Qc7 16. g4 c5 17. c3 cxd4 18. cxd4 Ne4 19. f3 Nc3 20. Bxc3 Qxc3 21. Qe3
Bxe5 22. Bxh7+ Kxh7 23. Qxc3 Bd6 24. Qd3+ g6 25. Rfc1 Kg7 26. Kg2 Bf4 27. Rc5
g5 28. Qb5 Ba6 29. Qxa5 Bd3 30. Rb2 Rxa5 31. Rxa5 Bc1 32. Rf2 Be3 33. Ra4 Rc8
34. Rb2 Rc1 35. Rf2 Bxf2 36. Kxf2 Bb1 37. Kg3 Rc3 38. Ra7 Be4 39. Kg2 Bxf3+ 40.
Kg3 Be4+ 41. Kf2 Bb1 42. Ke1 Rc1+ 43. Kd2 Rc2+ 44. Kd1 Rxa2 45. Rxa2 Bxa2 46.
Kc2 Bxb3+ 47. Kxb3 f5 48. h3 Kf6 49. Kc3 f4 50. Kd2 e5 51. Kd3 exd4 52. Kxd4
Ke6 53. Kc3 Ke5 54. Kd3 d4 55. Ke2 Ke4 56. Ke1 f3 57. Kf2 Kf4 58. h4 d3 59. Ke1
0-1

[Event "Landsturneringen - Junior"]
[Site "Oslo"]
[Date "2011.07.02"]
[Round "1"]
[White "Steinskog, Asbjørn O"]
[Black "Thingstad, Anders"]
[Result "1/2-1/2"]
[WhiteElo "1887"]
[BlackElo "2091"]
[PlyCount "88"]
[EventDate "2011.??.??"]
[EventType "swiss"]
[EventRounds "9"]

1. Nf3 Nf6 2. g3 g6 3. c4 Bg7 4. Bg2 O-O 5. O-O d5 6. cxd5 Nxd5 7. Nc3 Nb6 8.
d4 Nc6 9. e3 e5 10. dxe5 Nxe5 11. Nxe5 Bxe5 12. Qc2 c6 13. e4 Qe7 14. Ne2 Rd8
15. Be3 Be6 16. Rad1 Nc4 17. Bd4 Qb4 18. b3 Na3 19. Qc5 Qxc5 20. Bxc5 Nb5 21.
h3 Nc3 22. Nxc3 Bxc3 23. Be7 Re8 24. Bc5 Rad8 25. f4 b6 26. Be3 c5 27. Kf2 a5
28. e5 a4 29. bxa4 Bxa2 30. Rc1 Bd2 31. Ra1 Bc4 32. Rfd1 Bxe3+ 33. Kxe3 Rxd1
34. Rxd1 Bb3 35. Rb1 c4 36. Bc6 Rd8 37. Bb5 Rd3+ 38. Kf2 Rd2+ 39. Ke3 Rd3+ 40.
Kf2 Rd2+ 41. Ke3 Ra2 42. Rc1 Ra3 43. Rc3 Ra1 44. Bxc4 Bxa4 1/2-1/2

[Event "Landsturneringen - Junior"]
[Site "Oslo"]
[Date "2011.07.03"]
[Round "2"]
[White "Tari, Aryan"]
[Black "Salomon, Johan"]
[Result "1-0"]
[WhiteElo "2169"]
[BlackElo "1917"]
[PlyCount "49"]
[EventDate "2011.??.??"]
[EventType "swiss"]
[EventRounds "9"]
[WhiteClock "0:01:00"]
[BlackClock "0:01:00"]

1. e4 c5 2. Nf3 d6 3. d4 cxd4 4. Nxd4 Nf6 5. Nc3 a6 6. Be2 e5 7. Nb3 Be7 8. O-O
O-O 9. Kh1 Qc7 10. Be3 Be6 11. f4 Bc4 12. g4 Bxe2 13. Qxe2 Qc6 14. Qg2 exf4 15.
Rxf4 h6 16. Nd4 Qd7 17. Nf5 Nc6 18. g5 hxg5 19. Qxg5 Ne8 20. Qh5 Bf6 21. Nh6+
gxh6 22. Rxf6 Nxf6 23. Rg1+ Kh8 24. Qxh6+ Nh7 25. Qg7# 1-0

[Event "Landsturneringen - Junior"]
[Site "Oslo"]
[Date "2011.07.04"]
[Round "3"]
[White "Arvola, Benjamin"]
[Black "Tari, Aryan"]
[Result "1-0"]
[WhiteElo "2221"]
[BlackElo "2169"]
[PlyCount "55"]
[EventDate "2011.??.??"]
[EventType "swiss"]
[EventRounds "9"]

1. d4 Nf6 2. Nf3 g6 3. g3 Bg7 4. Bg2 O-O 5. O-O d5 6. c4 c6 7. cxd5 cxd5 8. Nc3
Nc6 9. Ne5 Bf5 10. Bf4 Qb6 11. Na4 Qd8 12. Nxc6 bxc6 13. Rc1 Rc8 14. Qb3 Nd7
15. Rfd1 Qa5 16. Nc5 e5 17. Nxd7 Bxd7 18. dxe5 Rb8 19. Qa3 Qxa3 20. bxa3 Rb2
21. e4 Bg4 22. Rd3 d4 23. Rxd4 Rxa2 24. Ra4 Ra8 25. Ra5 Bf8 26. h3 Be6 27. Rc3
Rb8 28. Be3 1-0

[Event "Landsturneringen - Junior"]
[Site "Oslo"]
[Date "2011.07.05"]
[Round "4"]
[White "Thingstad, Anders"]
[Black "Arvola, Benjamin"]
[Result "1/2-1/2"]
[WhiteElo "2091"]
[BlackElo "2221"]
[PlyCount "76"]
[EventDate "2011.??.??"]
[EventType "swiss"]
[EventRounds "9"]

1. d4 Nf6 2. c4 g6 3. Nc3 Bg7 4. e4 d6 5. f4 O-O 6. Nf3 Na6 7. Bd3 c5 8. d5 e6
9. O-O exd5 10. exd5 Nc7 11. a4 Re8 12. f5 Ng4 13. fxg6 hxg6 14. Bg5 Bf6 15.
Bxf6 Qxf6 16. Qd2 Bf5 17. Bxf5 Qxf5 18. Ng5 Qe5 19. Qf4 f5 20. h3 Qe3+ 21. Kh1
Qxf4 22. Rxf4 Ne3 23. g4 Kg7 24. gxf5 gxf5 25. Rg1 Kf6 26. b3 Re7 27. Rf3 Rae8
28. Rfg3 f4 29. Rf3 Kf5 30. Ne2 Nexd5 31. Nxf4 Nxf4 32. Rg4 Re1+ 33. Kh2 R8e2+
34. Kg3 Rg1+ 35. Kh4 Rxg4+ 36. hxg4+ Ke5 37. Nf7+ Ke4 38. Ng5+ Ke5 1/2-1/2

[Event "Landsturneringen - Junior"]
[Site "Oslo"]
[Date "2011.07.06"]
[Round "5"]
[White "Haarr, Jon Kristian"]
[Black "Thingstad, Anders"]
[Result "1-0"]
[WhiteElo "2202"]
[BlackElo "2091"]
[PlyCount "119"]
[EventDate "2011.??.??"]
[EventType "swiss"]
[EventRounds "9"]

1. e4 c6 2. c4 d5 3. cxd5 cxd5 4. exd5 Nf6 5. Nc3 Nxd5 6. Nf3 Nc6 7. Bb5 e6 8.
O-O Be7 9. Re1 O-O 10. d4 Bd7 11. a3 Rc8 12. Bd3 Bf6 13. Bc2 g6 14. Ne4 Bg7 15.
Bg5 Qc7 16. Rc1 Nce7 17. Qd2 Bc6 18. h4 Nf5 19. Qd3 Qb6 20. Rcd1 h6 21. Bc1 Bb5
22. Qd2 Qc6 23. Bb3 Rfd8 24. g4 Nd6 25. Nc5 b6 26. Nd3 Ba4 27. Nde5 Qb5 28.
Bxa4 Qxa4 29. Re2 Rc7 30. Qe1 Rdc8 31. Bd2 Rc2 32. Nxg6 fxg6 33. Rxe6 Re8 34.
Bxh6 Bxh6 35. Qe5 Rxe6 36. Qxe6+ Nf7 37. Qxd5 Qc6 38. Qb3 Qc4 39. Qxc4 Rxc4 40.
Rd3 Bg7 41. Kg2 Nd6 42. b3 Rc7 43. a4 Bf6 44. Re3 Kf7 45. Kg3 Rc3 46. Kf4 Rxe3
47. fxe3 Ke6 48. e4 Nf7 49. g5 Be7 50. Kg4 a5 51. h5 gxh5+ 52. Kxh5 Nd6 53. d5+
Kf7 54. e5 Ne4 55. g6+ Kg8 56. Kg4 Nc5 57. Nd4 Kg7 58. Nf5+ Kxg6 59. Nxe7+ Kf7
60. Nc8 1-0

[Event "Landsturneringen - Junior"]
[Site "Oslo"]
[Date "2011.07.07"]
[Round "6"]
[White "Haarr, Jon Kristian"]
[Black "Kjølberg, Jens Hjorth"]
[Result "1/2-1/2"]
[WhiteElo "2202"]
[BlackElo "1931"]
[PlyCount "67"]
[EventDate "2011.??.??"]
[EventType "swiss"]
[EventRounds "9"]

1. e4 e5 2. Nf3 Nc6 3. d4 exd4 4. Nxd4 Nf6 5. Nxc6 bxc6 6. e5 Qe7 7. Qe2 Nd5 8.
c4 Ba6 9. b3 O-O-O 10. g3 Qb4+ 11. Bd2 Qb6 12. Qe4 f5 13. Qc2 Nb4 14. Qb2 Bb7
15. Be2 c5 16. O-O Nc6 17. Be3 Re8 18. f4 Nd4 19. Nc3 Nxe2+ 20. Qxe2 h5 21. h4
Qg6 22. Kh2 d6 23. Bc1 Qg4 24. Qxg4 hxg4 25. exd6 Bxd6 26. Bd2 Bf3 27. Rfe1 Kd7
28. Kg1 g5 29. Rxe8 Kxe8 30. Re1+ Kd7 31. hxg5 Rh1+ 32. Kf2 Rh2+ 33. Ke3 Rg2
34. Ne2 1/2-1/2

[Event "Landsturneringen - Junior"]
[Site "Oslo"]
[Date "2011.07.08"]
[Round "7"]
[White "Kjølberg, Jens Hjorth"]
[Black "Kyrkjebø, Erlend"]
[Result "1/2-1/2"]
[WhiteElo "1931"]
[BlackElo "1961"]
[PlyCount "56"]
[EventDate "2011.??.??"]
[EventType "swiss"]
[EventRounds "9"]

1. e4 c5 2. Nf3 g6 3. d4 cxd4 4. Nxd4 Bg7 5. c4 Nc6 6. Nc2 d6 7. Be2 Qb6 8. Qd2
Bxb2 9. Bxb2 Qxb2 10. Nc3 Nb4 11. Nxb4 Qxb4 12. Rb1 Qa5 13. Rb5 Qd8 14. Nd5 b6
15. Qc3 Nf6 16. O-O O-O 17. Nxf6+ exf6 18. Rd5 Bb7 19. Rd4 Qe7 20. Bg4 Bc8 21.
Bd1 Be6 22. Bb3 Rac8 23. Qg3 Rfd8 24. f4 f5 25. Re1 fxe4 26. Rdxe4 Rc5 27. Qe3
Qc7 28. Qd4 Qd7 1/2-1/2

[Event "Landsturneringen - Junior"]
[Site "Oslo"]
[Date "2011.07.09"]
[Round "8"]
[White "Kyrkjebø, Erlend"]
[Black "Arvola, Benjamin"]
[Result "1-0"]
[WhiteElo "1961"]
[BlackElo "2221"]
[PlyCount "69"]
[EventDate "2011.??.??"]
[EventType "swiss"]
[EventRounds "9"]

1. e4 e5 2. Nc3 Nf6 3. Bc4 Nc6 4. d3 Bb4 5. Bg5 h6 6. Bxf6 Qxf6 7. Nge2 O-O 8.
O-O Ne7 9. f4 c6 10. fxe5 Qxe5 11. d4 Qg5 12. Rf3 d5 13. Bd3 Bg4 14. Rg3 Bxc3
15. bxc3 dxe4 16. Bxe4 Nf5 17. Bxf5 Qxf5 18. h3 Bh5 19. Qd2 Bg6 20. Rb1 b6 21.
Rb2 Rae8 22. Nf4 Re4 23. Nxg6 fxg6 24. Rf3 Qe6 25. Rxf8+ Kxf8 26. Rb1 Kg8 27.
a4 g5 28. Qd3 Re3 29. Qa6 g4 30. hxg4 Rxc3 31. Qxa7 Qxg4 32. Qxb6 Rxc2 33. Qb3+
Kh8 34. Qxc2 Qxd4+ 35. Qf2 1-0

[Event "Landsturneringen - Junior"]
[Site "Oslo"]
[Date "2011.07.10"]
[Round "9"]
[White "Kyrkjebø, Erlend"]
[Black "Tari, Aryan"]
[Result "0-1"]
[WhiteElo "1961"]
[BlackElo "2169"]
[PlyCount "80"]
[EventDate "2011.??.??"]
[EventType "swiss"]
[EventRounds "9"]

1. e4 c5 2. Nf3 d6 3. d4 cxd4 4. Nxd4 Nf6 5. Nc3 a6 6. Bg5 Nbd7 7. Bc4 Qc7 8.
Qe2 e6 9. O-O-O h6 10. Bxf6 Nxf6 11. f4 b5 12. Bb3 b4 13. e5 dxe5 14. fxe5 Nd7
15. Nxe6 fxe6 16. Bxe6 bxc3 17. Qh5+ Kd8 18. Rxd7+ Bxd7 19. Rd1 cxb2+ 20. Kb1
Ra7 21. Rxd7+ Qxd7 22. Bxd7 Rxd7 23. e6 Rd6 24. Qf7 Be7 25. Qxg7 Rf8 26. Qxh6
Rb6 27. Qd2+ Kc7 28. Qe2 Rf6 29. Qe5+ Kc8 30. Qc3+ Kb7 31. Qd3 Rfxe6 32. Qd7+
Kb8 33. Qd2 Kc8 34. Qc3+ Kd7 35. Qd4+ Kc8 36. Qc3+ Kb7 37. Qf3+ Ka7 38. Qc3 Bb4
39. Qg7+ Re7 40. Qg8 Bc3 0-1